[Event "Saratov RSOCF Cup"]
[Site "Saratov"]
[Date "2010.01.24"]
[Round "6"]
[White "Prokofjev, Anatolij"]
[Black "Golovchanskaya, Alina"]
[Result "1/2-1/2"]
[WhiteElo "1979"]
[BlackElo "1546"]
[PlyCount "29"]
[EventDate "2010.01.19"]
[EventType "swiss"]
[EventRounds "9"]
[EventCountry "RUS"]
[SourceTitle "CBM 134 Extra"]
[Source "ChessBase"]
[SourceDate "2010.03.03"]
[SourceVersion "1"]
[SourceVersionDate "2010.03.03"]
[SourceQuality "1"]

1. Nf3 c5 2. g3 Nf6 3. Bg2 d5 4. 0-0 Bf5 5. c4 e6 6. cxd5 exd5 7. d4 Nc6 8. Nc3 Be7 9. dxc5 Bxc5 10. Bg5 d4 11. Na4 Be7 12. Rc1 0-0 13. Nc5 Qb6 14. Na4 Qd8 15. Nc5 1/2-1/2

[Event "Saratov RSOCF Cup"]
[Site "Saratov"]
[Date "2010.01.21"]
[Round "3"]
[White "Podlipalin, Vladimir"]
[Black "Prokofjev, Anatolij"]
[Result "1-0"]
[WhiteElo "2152"]
[BlackElo "1979"]
[PlyCount "119"]
[EventDate "2010.01.19"]
[EventType "swiss"]
[EventRounds "9"]
[EventCountry "RUS"]
[SourceTitle "CBM 134 Extra"]
[Source "ChessBase"]
[SourceDate "2010.03.03"]
[SourceVersion "1"]
[SourceVersionDate "2010.03.03"]
[SourceQuality "1"]

1. d4 Nf6 2. c4 d6 3. Nc3 e5 4. Nf3 Nbd7 5. e4 Be7 6. Be2 0-0 7. h3 exd4 8. Nxd4 Nc5 9. Qc2 a5 10. 0-0 Re8 11. Re1 Bf8 12. Bf1 c6 13. Bf4 Ne6 14. Nxe6 Rxe6 15. Rad1 Qe8 16. g4 Nd7 17. Bg2 Ne5 18. Ne2 h6 19. Bg3 c5 20. Nf4 Re7 21. Nd5 Be6 22. Nxe7+ Bxe7 23. f4 Nc6 24. f5 Bd7 25. a3 Nd4 26. Qf2 Ba4 27. Rd2 Rc8 28. e5 dxe5 29. Bxe5 Qf8 30. Bxb7 Bc6 31. Bxc6 Nxc6 32. Bc3 Bg5 33. Rd5 Re8 34. f6 Nd4 35. Bxd4 cxd4 36. Rxd4 Rxe1+ 37. Qxe1 Bxf6 38. Re4 Qc5+ 39. Qf2 Qd6 40. Kg2 a4 41. Qc2 Qc6 42. Kf3 g6 43. c5 Bxb2 44. Qxb2 f5 45. gxf5 gxf5 46. Qe5 fxe4+ 47. Kf4 e3 48. Qxe3 Qf6+ 49. Ke4 Qe6+ 50. Kd4 Qf6+ 51. Kc4 Qf7+ 52. Kb4 Qb7+ 53. Kxa4 Qa6+ 54. Kb4 Qb7+ 55. Kc3 Qa6 56. Qe8+ Kg7 57. Qe5+ Kg8 58. Qd5+ Kg7 59. Qd4+ Kg8 60. Qc4+ 1-0

[Event "Saratov op"]
[Site "Saratov"]
[Date "2009.06.05"]
[Round "5"]
[White "Prokofjev, Anatolij"]
[Black "Abramov, Leonid"]
[Result "0-1"]
[WhiteElo "2042"]
[BlackElo "2216"]
[PlyCount "48"]
[EventDate "2009.06.01"]
[EventType "swiss"]
[EventRounds "9"]
[EventCountry "RUS"]
[SourceTitle "CBM 130 Extra"]
[Source "ChessBase"]
[SourceDate "2009.07.02"]
[SourceVersion "2"]
[SourceVersionDate "2009.07.15"]
[SourceQuality "1"]

1. e4 d5 2. exd5 Qxd5 3. Nc3 Qd6 4. d4 Nf6 5. Nf3 Bg4 6. Be2 a6 7. Ne5 Bxe2 8. Nxe2 Nc6 9. Nxc6 Qxc6 10. 0-0 0-0-0 11. Bd2 e5 12. c3 h5 13. Bg5 h4 14. h3 Rh5 15. f4 Nd5 16. Qe1 f6 17. Bxh4 Ne3 18. Rf3 Nc2 19. Qg3 Rxh4 20. Qxh4 Nxa1 21. Qe1 Qe4 22. Kf2 Nc2 23. Qb1 exd4 24. cxd4 Re8 0-1

[Event "Saratov op"]
[Site "Saratov"]
[Date "2009.06.04"]
[Round "4"]
[White "Eramian, Gamlet"]
[Black "Prokofjev, Anatolij"]
[Result "0-1"]
[WhiteElo "1984"]
[BlackElo "2042"]
[PlyCount "40"]
[EventDate "2009.06.01"]
[EventType "swiss"]
[EventRounds "9"]
[EventCountry "RUS"]
[SourceTitle "CBM 130 Extra"]
[Source "ChessBase"]
[SourceDate "2009.07.02"]
[SourceVersion "2"]
[SourceVersionDate "2009.07.15"]
[SourceQuality "1"]

1. d4 f5 2. c4 e6 3. Nf3 Nf6 4. g3 c6 5. Bg2 d5 6. Nbd2 Bd6 7. 0-0 0-0 8. b3 Nbd7 9. Bb2 b6 10. Qc1 Qe7 11. Ne5 Bb7 12. e3 Rac8 13. a3 c5 14. Qd1 Rfd8 15. a4 cxd4 16. exd4 Ne4 17. Re1 Nxe5 18. dxe5 Bb4 19. Nxe4 dxe4 20. Qe2 Rd2 0-1

[Event "Saratov op"]
[Site "Saratov"]
[Date "2009.06.02"]
[Round "2"]
[White "Palin, Denis"]
[Black "Prokofjev, Anatolij"]
[Result "1/2-1/2"]
[WhiteElo "1933"]
[BlackElo "2042"]
[PlyCount "55"]
[EventDate "2009.06.01"]
[EventType "swiss"]
[EventRounds "9"]
[EventCountry "RUS"]
[SourceTitle "CBM 130 Extra"]
[Source "ChessBase"]
[SourceDate "2009.07.02"]
[SourceVersion "2"]
[SourceVersionDate "2009.07.15"]
[SourceQuality "1"]

1. c4 e6 2. d4 d5 3. cxd5 exd5 4. Nc3 Nf6 5. Bf4 c6 6. Nf3 Be7 7. h3 Nbd7 8. e3 Nf8 9. Ne5 Ne6 10. Bh2 a6 11. a3 0-0 12. Bd3 c5 13. dxc5 Nxc5 14. Bc2 Be6 15. 0-0 Nce4 16. Ne2 Qb6 17. Rb1 Rad8 18. Nd4 Bc8 19. Nef3 Bd6 20. Nd2 Bxh2+ 21. Kxh2 Rfe8 22. Bxe4 dxe4 23. Qb3 Qd6+ 24. Kg1 b5 25. Rfc1 Be6 26. Nxe6 Rxe6 27. Nf1 Ree8 28. Rd1 1/2-1/2

[Event "Saratov-ch op"]
[Site "Saratov"]
[Date "2008.03.17"]
[Round "6"]
[White "Prokofjev, Anatolij"]
[Black "Mochalov, Yulian"]
[Result "1-0"]
[WhiteElo "2070"]
[BlackElo "1981"]
[PlyCount "59"]
[EventDate "2008.03.11"]
[EventType "swiss"]
[EventRounds "9"]
[EventCountry "RUS"]
[SourceTitle "EXT 2022"]
[Source "ChessBase"]
[SourceDate "2021.10.06"]
[SourceVersion "1"]
[SourceVersionDate "2021.10.06"]
[SourceQuality "1"]

1. d4 d5 2. Nf3 Nf6 3. c4 e6 4. Nc3 c6 5. e3 Nbd7 6. cxd5 exd5 7. a3 Bd6 8. g3 0-0 9. Bg2 Re8 10. 0-0 Nf8 11. b4 Ng6 12. Bb2 h5 13. h4 Bg4 14. Qc2 Qd7 15. Ng5 Bf5 16. Qb3 Ne4 17. Ngxe4 dxe4 18. Rfd1 Qc7 19. d5 c5 20. bxc5 Bxg3 21. d6 Bxf2+ 22. Kxf2 Qd7 23. Kg3 Ne5 24. Rf1 Bg6 25. Bh3 Ng4 26. Rf4 Kf8 27. Raf1 f5 28. Bxg4 hxg4 29. h5 Bf7 30. Rxf5 1-0

[Event "Saratov-ch op"]
[Site "Saratov"]
[Date "2008.03.14"]
[Round "4"]
[White "Prokofjev, Anatolij"]
[Black "Bolychevsky, Alexander"]
[Result "1-0"]
[WhiteElo "2070"]
[BlackElo "1814"]
[PlyCount "63"]
[EventDate "2008.03.11"]
[EventType "swiss"]
[EventRounds "9"]
[EventCountry "RUS"]
[SourceTitle "EXT 2022"]
[Source "ChessBase"]
[SourceDate "2021.10.06"]
[SourceVersion "1"]
[SourceVersionDate "2021.10.06"]
[SourceQuality "1"]

1. Nf3 c6 2. g3 d5 3. b3 Bg4 4. Bg2 Nd7 5. Bb2 Ngf6 6. 0-0 e6 7. d3 Be7 8. Nbd2 0-0 9. a3 Qc7 10. Qe1 a5 11. e4 Bxf3 12. Nxf3 dxe4 13. dxe4 b5 14. Nd2 Ng4 15. Qe2 Bf6 16. Bxf6 Ngxf6 17. f4 e5 18. f5 Qb6+ 19. Kh1 a4 20. g4 g6 21. h3 axb3 22. cxb3 Rad8 23. Rfc1 c5 24. Bf1 Nb8 25. Ra2 b4 26. a4 Nc6 27. Qb5 Qxb5 28. axb5 Nd4 29. Rxc5 Rfe8 30. Bc4 Nd7 31. Rc7 Nb6 32. Bxf7+ 1-0